| 000 | 02205nam0a2200409 4500 | ||
|---|---|---|---|
| 001 | RU\NLR\bibl\1500513 | ||
| 005 | 20250616015916.0 | ||
| 010 |
_a978-5-9925-0476-7 _91000 |
||
| 021 |
_aRU _b2010-14240 _9949 |
||
| 035 | _a(nilc)RSL-KNO-004589506 | ||
| 035 | _a(NLR Aleph) 001491973 | ||
| 090 |
_a1768188 _c1768188 |
||
| 100 | _a20100304d2010 |||y0rusy50 ca | ||
| 101 | 0 |
_arus _achi |
|
| 102 | _aRU | ||
| 105 | _aa zzzz||||| | ||
| 200 | 1 |
_aВведение в китайскую иероглифику _fА.Г. Сторожук |
|
| 205 | _a3-е изд., испр. | ||
| 210 |
_aСанкт-Петербург _cКАРО _d2010 |
||
| 215 |
_a591 с. _cил. _d28 _e[1] отд. л. табл. |
||
| 225 | 1 | _aМой учитель - книга | |
| 300 | _aЗагл. также на кит. яз. | ||
| 300 | _aНа обл. авт. не указан | ||
| 606 | 1 |
_aКитайский язык _jУчебные издания _xПисьмо _91339738 _3RU\NLR\auth\66558306 |
|
| 610 | 0 | _aФилологические науки. Художественная литература -- Языкознание -- Китайско-тибетские языки -- Китайская группа языков -- Китайский язык -- Преподавание и методика изучения языка -- Учебники и учебные пособия по отдельным аспектам языка -- Пособия по письму и чистописанию | |
| 610 | 0 | _aИскусство. Искусствознание -- Графика -- Прикладная графика -- Каллиграфия -- История каллиграфии -- Каллиграфия Китая -- Практическое руководство | |
| 686 | 1 | _aШ171.1-93рус-8 | |
| 700 | 1 |
_4070 _7ca _8rus _aСторожук _bА. Г. _gАлександр Георгиевич _9196684 _3RU\NLR\AUTH\770196735 |
|
| 801 | 0 |
_aRU _bРГБ _c20100304 _grcr |
|
| 801 | 1 |
_aRU _bРГБ _c20100304 |
|
| 801 | 2 |
_aRU _bNLR _c20100419 _grcr |
|
| 852 |
_aNLR _bОЛСАА-кит. _j5-1017 |
||
| 942 | _cBOOK | ||
| 980 | _aNB | ||
| 980 | 1 | _aCHIN | |